<?xml version="1.0" encoding="UTF-8"?>
<record
    xmlns:xsi="http://www.w3.org/2001/XMLSchema-instance"
    xsi:schemaLocation="http://www.loc.gov/MARC21/slim http://www.loc.gov/standards/marcxml/schema/MARC21slim.xsd"
    xmlns="http://www.loc.gov/MARC21/slim">

  <leader>00952nas a2200289 454500</leader>
  <controlfield tag="001">38822</controlfield>
  <controlfield tag="005">20260407193510.0</controlfield>
  <controlfield tag="008">260407s2000####ag###########|||spa#d</controlfield>
  <controlfield tag="003">AR-UNSa-BCEJYS</controlfield>
  <datafield tag="040" ind1=" " ind2=" ">
    <subfield code="a">AR-UNSa-BCEJYS</subfield>
    <subfield code="b">spa</subfield>
    <subfield code="c">AR-UNSa-BCEJYS</subfield>
  </datafield>
  <datafield tag="080" ind1=" " ind2=" ">
    <subfield code="a">070</subfield>
    <subfield code="x">Peri&#xF3;dicos. La prensa. Periodismo</subfield>
  </datafield>
  <datafield tag="245" ind1="1" ind2="0">
    <subfield code="a">La Gaceta de Econ&#xF3;micas</subfield>
    <subfield code="p">de econ&#xF3;micas a la sociedad</subfield>
  </datafield>
  <datafield tag="264" ind1=" " ind2="1">
    <subfield code="a">Buenos Aires :</subfield>
    <subfield code="b">Universidad de Buenos Aires. Facultad de Ciencias Econ&#xF3;micas</subfield>
    <subfield code="c">2000</subfield>
  </datafield>
  <datafield tag="310" ind1=" " ind2=" ">
    <subfield code="a">Frecuencia: Mensual</subfield>
  </datafield>
  <datafield tag="041" ind1=" " ind2=" ">
    <subfield code="a">spa</subfield>
  </datafield>
  <datafield tag="942" ind1=" " ind2=" ">
    <subfield code="c">SER</subfield>
  </datafield>
  <datafield tag="590" ind1=" " ind2=" ">
    <subfield code="a">niveau_biblio:s niveau_hierar:1</subfield>
  </datafield>
  <datafield tag="100" ind1="1" ind2=" ">
    <subfield code="a">Degrossi, Carlos An&#xED;bal</subfield>
  </datafield>
  <datafield tag="700" ind1="1" ind2=" ">
    <subfield code="a">Pristupin, Sim&#xF3;n</subfield>
  </datafield>
  <datafield tag="650" ind1=" " ind2=" ">
    <subfield code="a">UNIVERSIDADES</subfield>
  </datafield>
  <datafield tag="650" ind1=" " ind2=" ">
    <subfield code="a">CONTABILIDAD</subfield>
  </datafield>
  <datafield tag="650" ind1=" " ind2=" ">
    <subfield code="a">ADMINISTRACION DE EMPRESAS</subfield>
  </datafield>
  <datafield tag="650" ind1=" " ind2=" ">
    <subfield code="a">Econ&#xF3;micas</subfield>
  </datafield>
  <datafield tag="650" ind1=" " ind2=" ">
    <subfield code="a">Per&#xED;odico</subfield>
  </datafield>
  <datafield tag="650" ind1=" " ind2=" ">
    <subfield code="a">ECONOMIA</subfield>
  </datafield>
  <datafield tag="856" ind1="4" ind2="1">
    <subfield code="u">https://biblioeco.unsa.edu.ar/pmb/images/revistas/laGacetaEconom.jpg</subfield>
    <subfield code="y">Imagen de portada</subfield>
    <subfield code="q">image/jpeg</subfield>
  </datafield>
  <datafield tag="999" ind1=" " ind2=" ">
    <subfield code="c">8826</subfield>
    <subfield code="d">8826</subfield>
  </datafield>
  <datafield tag="952" ind1=" " ind2=" ">
    <subfield code="0">0</subfield>
    <subfield code="1">0</subfield>
    <subfield code="4">0</subfield>
    <subfield code="7">0</subfield>
    <subfield code="a">BCEJYS</subfield>
    <subfield code="b">BCEJYS</subfield>
    <subfield code="c">17</subfield>
    <subfield code="d">2002-04-28</subfield>
    <subfield code="h">A&#xF1;o 3, N&#xBA; 20 - abr. 2002</subfield>
    <subfield code="l">0</subfield>
    <subfield code="o">H070 GAC 20</subfield>
    <subfield code="p">R20150</subfield>
    <subfield code="r">2026-04-10 16:09:57</subfield>
    <subfield code="w">2026-04-10</subfield>
    <subfield code="y">RN</subfield>
  </datafield>
  <datafield tag="952" ind1=" " ind2=" ">
    <subfield code="0">0</subfield>
    <subfield code="1">0</subfield>
    <subfield code="4">0</subfield>
    <subfield code="7">0</subfield>
    <subfield code="a">BCEJYS</subfield>
    <subfield code="b">BCEJYS</subfield>
    <subfield code="c">17</subfield>
    <subfield code="d">2002-02-24</subfield>
    <subfield code="h">A&#xF1;o 3, N&#xBA; 18 - feb. 2002</subfield>
    <subfield code="l">0</subfield>
    <subfield code="o">H070 GAC 18</subfield>
    <subfield code="p">R20149</subfield>
    <subfield code="r">2026-04-10 16:09:57</subfield>
    <subfield code="w">2026-04-10</subfield>
    <subfield code="y">RN</subfield>
  </datafield>
  <datafield tag="952" ind1=" " ind2=" ">
    <subfield code="0">0</subfield>
    <subfield code="1">0</subfield>
    <subfield code="4">0</subfield>
    <subfield code="7">0</subfield>
    <subfield code="a">BCEJYS</subfield>
    <subfield code="b">BCEJYS</subfield>
    <subfield code="c">17</subfield>
    <subfield code="d">2001-12-30</subfield>
    <subfield code="h">A&#xF1;o 2, N&#xBA; 17 - dic. 2001</subfield>
    <subfield code="l">0</subfield>
    <subfield code="o">H070 GAC 17</subfield>
    <subfield code="p">R20148</subfield>
    <subfield code="r">2026-04-10 16:09:57</subfield>
    <subfield code="w">2026-04-10</subfield>
    <subfield code="y">RN</subfield>
  </datafield>
  <datafield tag="952" ind1=" " ind2=" ">
    <subfield code="0">0</subfield>
    <subfield code="1">0</subfield>
    <subfield code="4">0</subfield>
    <subfield code="7">0</subfield>
    <subfield code="a">BCEJYS</subfield>
    <subfield code="b">BCEJYS</subfield>
    <subfield code="c">17</subfield>
    <subfield code="d">2001-11-25</subfield>
    <subfield code="h">A&#xF1;o 2, N&#xBA; 16 - nov. 2001</subfield>
    <subfield code="l">0</subfield>
    <subfield code="o">H070 GAC 16</subfield>
    <subfield code="p">R20147</subfield>
    <subfield code="r">2026-04-10 16:09:57</subfield>
    <subfield code="w">2026-04-10</subfield>
    <subfield code="y">RN</subfield>
  </datafield>
  <datafield tag="952" ind1=" " ind2=" ">
    <subfield code="0">0</subfield>
    <subfield code="1">0</subfield>
    <subfield code="4">0</subfield>
    <subfield code="7">0</subfield>
    <subfield code="a">BCEJYS</subfield>
    <subfield code="b">BCEJYS</subfield>
    <subfield code="c">17</subfield>
    <subfield code="d">2001-09-30</subfield>
    <subfield code="h">A&#xF1;o 2, N&#xBA; 14 - sep. 2001</subfield>
    <subfield code="l">0</subfield>
    <subfield code="o">H070 GAC 14</subfield>
    <subfield code="p">R20146</subfield>
    <subfield code="r">2026-04-10 16:09:57</subfield>
    <subfield code="w">2026-04-10</subfield>
    <subfield code="y">RN</subfield>
  </datafield>
  <datafield tag="952" ind1=" " ind2=" ">
    <subfield code="0">0</subfield>
    <subfield code="1">0</subfield>
    <subfield code="4">0</subfield>
    <subfield code="7">0</subfield>
    <subfield code="a">BCEJYS</subfield>
    <subfield code="b">BCEJYS</subfield>
    <subfield code="c">17</subfield>
    <subfield code="d">2001-07-29</subfield>
    <subfield code="h">A&#xF1;o 2, N&#xBA; 12 - jul. 2001</subfield>
    <subfield code="l">0</subfield>
    <subfield code="o">H070 GAC 12</subfield>
    <subfield code="p">R20145</subfield>
    <subfield code="r">2026-04-10 16:09:57</subfield>
    <subfield code="w">2026-04-10</subfield>
    <subfield code="y">RN</subfield>
  </datafield>
  <datafield tag="952" ind1=" " ind2=" ">
    <subfield code="0">0</subfield>
    <subfield code="1">0</subfield>
    <subfield code="4">0</subfield>
    <subfield code="7">0</subfield>
    <subfield code="a">BCEJYS</subfield>
    <subfield code="b">BCEJYS</subfield>
    <subfield code="c">17</subfield>
    <subfield code="d">2001-06-24</subfield>
    <subfield code="h">A&#xF1;o 2, N&#xBA; 11 - jun. 2001</subfield>
    <subfield code="l">0</subfield>
    <subfield code="o">H070 GAC 11</subfield>
    <subfield code="p">R20144</subfield>
    <subfield code="r">2026-04-10 16:09:57</subfield>
    <subfield code="w">2026-04-10</subfield>
    <subfield code="y">RN</subfield>
  </datafield>
  <datafield tag="952" ind1=" " ind2=" ">
    <subfield code="0">0</subfield>
    <subfield code="1">0</subfield>
    <subfield code="4">0</subfield>
    <subfield code="7">0</subfield>
    <subfield code="a">BCEJYS</subfield>
    <subfield code="b">BCEJYS</subfield>
    <subfield code="c">17</subfield>
    <subfield code="d">2001-05-27</subfield>
    <subfield code="h">A&#xF1;o 2, N&#xBA; 10 - mayo 2001</subfield>
    <subfield code="l">0</subfield>
    <subfield code="o">H070 GAC 10</subfield>
    <subfield code="p">R20143</subfield>
    <subfield code="r">2026-04-10 16:09:57</subfield>
    <subfield code="w">2026-04-10</subfield>
    <subfield code="y">RN</subfield>
  </datafield>
  <datafield tag="952" ind1=" " ind2=" ">
    <subfield code="0">0</subfield>
    <subfield code="1">0</subfield>
    <subfield code="4">0</subfield>
    <subfield code="7">0</subfield>
    <subfield code="a">BCEJYS</subfield>
    <subfield code="b">BCEJYS</subfield>
    <subfield code="c">17</subfield>
    <subfield code="d">2001-04-29</subfield>
    <subfield code="h">A&#xF1;o 2, N&#xBA; 9 - abr. 2001</subfield>
    <subfield code="l">0</subfield>
    <subfield code="o">H070 GAC 9</subfield>
    <subfield code="p">R20142</subfield>
    <subfield code="r">2026-04-10 16:09:57</subfield>
    <subfield code="w">2026-04-10</subfield>
    <subfield code="y">RN</subfield>
  </datafield>
  <datafield tag="952" ind1=" " ind2=" ">
    <subfield code="0">0</subfield>
    <subfield code="1">0</subfield>
    <subfield code="4">0</subfield>
    <subfield code="7">0</subfield>
    <subfield code="a">BCEJYS</subfield>
    <subfield code="b">BCEJYS</subfield>
    <subfield code="c">17</subfield>
    <subfield code="d">2001-03-25</subfield>
    <subfield code="h">A&#xF1;o 2, N&#xBA; 8 - mar. 2001</subfield>
    <subfield code="l">0</subfield>
    <subfield code="o">H070 GAC 8</subfield>
    <subfield code="p">R20141</subfield>
    <subfield code="r">2026-04-10 16:09:57</subfield>
    <subfield code="w">2026-04-10</subfield>
    <subfield code="y">RN</subfield>
  </datafield>
  <datafield tag="952" ind1=" " ind2=" ">
    <subfield code="0">0</subfield>
    <subfield code="1">0</subfield>
    <subfield code="4">0</subfield>
    <subfield code="7">0</subfield>
    <subfield code="a">BCEJYS</subfield>
    <subfield code="b">BCEJYS</subfield>
    <subfield code="c">17</subfield>
    <subfield code="d">2001-02-25</subfield>
    <subfield code="h">A&#xF1;o 2, N&#xBA; 7 - feb. 2001</subfield>
    <subfield code="l">0</subfield>
    <subfield code="o">H070 GAC 7</subfield>
    <subfield code="p">R20139</subfield>
    <subfield code="r">2026-04-10 16:09:57</subfield>
    <subfield code="w">2026-04-10</subfield>
    <subfield code="y">RN</subfield>
  </datafield>
  <datafield tag="952" ind1=" " ind2=" ">
    <subfield code="0">0</subfield>
    <subfield code="1">0</subfield>
    <subfield code="4">0</subfield>
    <subfield code="7">0</subfield>
    <subfield code="a">BCEJYS</subfield>
    <subfield code="b">BCEJYS</subfield>
    <subfield code="c">17</subfield>
    <subfield code="d">2001-01-28</subfield>
    <subfield code="h">A&#xF1;o 2, N&#xBA; 6 - ene. 2001</subfield>
    <subfield code="l">0</subfield>
    <subfield code="o">H070 GAC 6</subfield>
    <subfield code="p">R20137</subfield>
    <subfield code="r">2026-04-10 16:09:57</subfield>
    <subfield code="w">2026-04-10</subfield>
    <subfield code="y">RN</subfield>
  </datafield>
  <datafield tag="952" ind1=" " ind2=" ">
    <subfield code="0">0</subfield>
    <subfield code="1">0</subfield>
    <subfield code="4">0</subfield>
    <subfield code="7">0</subfield>
    <subfield code="a">BCEJYS</subfield>
    <subfield code="b">BCEJYS</subfield>
    <subfield code="c">17</subfield>
    <subfield code="d">2000-12-31</subfield>
    <subfield code="h">A&#xF1;o 1, N&#xBA; 5 - dic. 2000</subfield>
    <subfield code="l">0</subfield>
    <subfield code="o">H070 GAC 5</subfield>
    <subfield code="p">R20135</subfield>
    <subfield code="r">2026-04-10 16:09:57</subfield>
    <subfield code="w">2026-04-10</subfield>
    <subfield code="y">RN</subfield>
  </datafield>
  <datafield tag="952" ind1=" " ind2=" ">
    <subfield code="0">0</subfield>
    <subfield code="1">0</subfield>
    <subfield code="4">0</subfield>
    <subfield code="7">0</subfield>
    <subfield code="a">BCEJYS</subfield>
    <subfield code="b">BCEJYS</subfield>
    <subfield code="c">17</subfield>
    <subfield code="d">2000-11-26</subfield>
    <subfield code="h">A&#xF1;o 1, N&#xBA; 4 - nov. 2000</subfield>
    <subfield code="l">0</subfield>
    <subfield code="o">H070 GAC 4</subfield>
    <subfield code="p">R20134</subfield>
    <subfield code="r">2026-04-10 16:09:57</subfield>
    <subfield code="w">2026-04-10</subfield>
    <subfield code="y">RN</subfield>
  </datafield>
  <datafield tag="952" ind1=" " ind2=" ">
    <subfield code="0">0</subfield>
    <subfield code="1">0</subfield>
    <subfield code="4">0</subfield>
    <subfield code="7">0</subfield>
    <subfield code="a">BCEJYS</subfield>
    <subfield code="b">BCEJYS</subfield>
    <subfield code="c">17</subfield>
    <subfield code="d">2000-10-29</subfield>
    <subfield code="h">A&#xF1;o 1, N&#xBA; 3 - oct. 2000</subfield>
    <subfield code="l">0</subfield>
    <subfield code="o">H070 GAC 3</subfield>
    <subfield code="p">R20133</subfield>
    <subfield code="r">2026-04-10 16:09:57</subfield>
    <subfield code="w">2026-04-10</subfield>
    <subfield code="y">RN</subfield>
  </datafield>
  <datafield tag="952" ind1=" " ind2=" ">
    <subfield code="0">0</subfield>
    <subfield code="1">0</subfield>
    <subfield code="4">0</subfield>
    <subfield code="7">0</subfield>
    <subfield code="a">BCEJYS</subfield>
    <subfield code="b">BCEJYS</subfield>
    <subfield code="c">17</subfield>
    <subfield code="d">2000-09-24</subfield>
    <subfield code="h">A&#xF1;o 1, N&#xBA; 2 - sep. 2000</subfield>
    <subfield code="l">0</subfield>
    <subfield code="o">H070 GAC 2</subfield>
    <subfield code="p">R20129</subfield>
    <subfield code="r">2026-04-10 16:09:57</subfield>
    <subfield code="w">2026-04-10</subfield>
    <subfield code="y">RN</subfield>
  </datafield>
  <datafield tag="952" ind1=" " ind2=" ">
    <subfield code="0">0</subfield>
    <subfield code="1">0</subfield>
    <subfield code="4">0</subfield>
    <subfield code="7">0</subfield>
    <subfield code="a">BCEJYS</subfield>
    <subfield code="b">BCEJYS</subfield>
    <subfield code="c">17</subfield>
    <subfield code="d">2000-08-20</subfield>
    <subfield code="h">A&#xF1;o 1, N&#xBA; 1 - ago. 2000</subfield>
    <subfield code="l">0</subfield>
    <subfield code="o">H070 GAC 1</subfield>
    <subfield code="p">R20113</subfield>
    <subfield code="r">2026-04-10 16:09:57</subfield>
    <subfield code="w">2026-04-10</subfield>
    <subfield code="y">RN</subfield>
  </datafield>
</record>
